000 01781nam a2200385Ia 4500
001 ebr10112788
003 CaPaEBR
006 m u
007 cr cn|||||||||
008 041111s2003 nyua sb 001 0 eng d
020 _z0738429007
040 _aCaPaEBR
_cCaPaEBR
035 _a(OCoLC)80245797
050 1 4 _aHF5548.4.R2
_bS27 2003eb
082 0 4 _a650/.0285/53769
_222
245 0 0 _aSAP on DB2 Universal Database for OS/390 and z/OS
_h[electronic resource] :
_bMultiple Components in One Database (MCOD) /
_cFlorence Dubois ... [et al.].
250 _a1st ed.
260 _aWhite Plains, N.Y. :
_bIBM,
_cc2003.
300 _axvi, 279 p. :
_bill.
490 1 _aRedbooks
500 _a"This edition applies to SAP Basis Release 4.6C, 4.6D, 6.10, and 6.20, as well as all SAP products based on these SAP Basis Releases, for use with IBM DB2 Universal Database for OS/390 and z/OS."
500 _a"Hands-on scenarios to merge SAP components into an MCOD landscape. How to clone one SAP component using the Control Center. Recovery considerations in an MCOD landscape."
504 _aIncludes bibliographical references and index."
533 _aElectronic reproduction.
_bPalo Alto, Calif. :
_cebrary,
_d2009.
_nAvailable via World Wide Web.
_nAccess may be limited to ebrary affiliated libraries.
630 0 0 _aSAP R/3.
630 0 0 _aIBM Database 2.
650 0 _aIBM computers
_xProgramming.
650 0 _aBusiness
_xComputer programs.
650 0 _aComputer systems
_xEvaluation.
655 7 _aElectronic books.
_2local
700 1 _aDubois, Florence.
_4aut
710 2 _aebrary, Inc.
830 0 _aIBM redbooks.
856 4 0 _uhttp://site.ebrary.com/lib/rucke/Doc?id=10112788
_zAn electronic book accessible through the World Wide Web; click to view
999 _c210700
_d210700